Normal view
MARC view
- مكتبات-فهرسة- بطاقات
Entry Topical Term
001 - CONTROL NUMBER
- control field: 8863
003 - CONTROL NUMBER IDENTIFIER
- control field: JO-AjAnu
005 - DATE AND TIME OF LATEST TRANSACTION
- control field: 20230606071728.0
008 - FIXED-LENGTH DATA ELEMENTS
- fixed length control field: 230606|| aca||aabn | a|a d
040 ## - CATALOGING SOURCE
- Original cataloging agency: JO-AjAnu
- Transcribing agency: JO-AjAnu
150 ## - HEADING--TOPICAL TERM
- Topical term or geographic name entry element: مكتبات-فهرسة- بطاقات
670 ## - SOURCE DATA FOUND
- Source citation: Work cat.: (JO-AjAnu)4573: البنا ، احمد عبد الجواد/مراجعة موسى نوفل ؛, author 8862, الفهرسة البطاقات كتاب منهجي تطبيقي لامناء المكتبات